| 000 | 00641cam a22002051 4500 | ||
|---|---|---|---|
| 001 | ne 62000296 | ||
| 003 | DLC | ||
| 005 | 20260227111734.0 | ||
| 008 | 860130s1933 tu 000 0 tur | ||
| 010 | _ane 62000296 | ||
| 035 | _a(OCoLC)13082619 | ||
| 040 |
_aDLC _cTxU _dTxU _dDLC |
||
| 050 | 0 | 0 |
_aPL248.S78 _bZ65 |
| 100 | 1 | _aErgun, Sadettin Nüzhet. | |
| 245 | 1 | 0 |
_aXIX uncu asır sazşairlerinden Silleʼli Sururî. _c[Hazırlayan] Sadettin Nüzhet. |
| 246 | 3 | _aOndokuzuncu asır sazşairlerinden Silleʼli Sururî | |
| 260 |
_a[İstanbul] _bSühulet Kütüphanesi, _c[1933?] |
||
| 300 |
_a61 p. _c20 cm. |
||
| 600 | 0 | 0 |
_aSürurî, _d-1855. |
| 999 |
_c45032 _d45032 |
||